The whale problem: a status report

Saved in:
Bibliografiske detaljer
Hovedforfatter: Schevill, William E (Author)
Format: Bog
Sprog:engelsk
Udgivet: Cambridge Harvard University Press 1974
Fag:
Tags: Tilføj Tag
Ingen Tags, Vær først til at tagge denne postø!

MARC

LEADER 00000nam a2200000 a 4500
001 UCX7490
003 CL-VaPUC
008 931213e19740000US |||||||||||||||||eng|d
082 0 4 |a 599.5  |b SCH  |2 21 
100 0 |a Schevill, William E  |e author  |9 324347 
245 1 4 |a The whale problem: a status report 
300 |a 419 p 
942 |c BK 
945 |d 19931213 00:00:00  |a mfernand 
260 |a Cambridge  |b Harvard University Press  |c 1974 
650 7 |a BALLENAS  |2 CL-VaPUC  |9 261767 
583 |a last modification  |c 19931213 00:00:00  |k Rodrigo Vera 
999 |c 227298  |d 227296